|
003 -Nazwa inst., której nr kontr. jest w polu 001 [,]
|
-
- @
- Nazwa instytucji, której n kontrolny jest w polu 001
- NUKAT
|
|
005 -DATA I CZAS OSTATNIEJ MODYFIKACJI [,]
|
-
- @
- pole kontrolne
- 20250911013045.0
|
|
020 -Międzynarod. znormalizowany nr książki - ISBN [ , ]
|
-
- a
- Numer ISBN
- 9788366470668
|
|
040 -Instytucja sporządzająca opis [ , ]
|
-
- a
- Instytucja, która sporządziła opis (NP)
- OLSZT 003/DS
-
- b
- Język katalogowania
- pol
-
- e
- Zasady katalogowania
- rda
-
- c
- Instytucja, która sporządziła rekord (NP)
- OLSZT 003/DSs
-
- d
- Instytucja, która zmodyfikowała rekord (P)
- OLSZT 003/JG
-
- d
- Instytucja, która zmodyfikowała rekord (P)
- KR 048/PK
-
- d
- Instytucja, która zmodyfikowała rekord (P)
- WA 14/MBs
|
|
942 -Rodzaj dokumentu [ , ]
|
-
- c
- Rodzaj dokumentu
- Książka
|
|
245 -Strefa tytułu i oznaczenia odpowiedzialności [0,0]
|
-
- a
- Tytuł
- Rola prawa w systemie gospodarki przestrzennej /
-
- c
- Pozostałe elementy strefy tytułu i oznaczenia odpowiedzialności (NP)
- redakcja naukowa Maciej J. Nowak ; [autorzy]: Renata Giedych, Jerzy Hausner, Hubert Izdebski, Piotr Lorens, Tadeusz Markowski, Paweł Mickiewicz, Łukasz Mikuła, Maciej J. Nowak, Jacek Szlachta, Anna Aneta Tomczak, Igor Zachariasz, Magdalena Załęczna.
|
|
250 -Strefa wydania [ , ]
|
-
- a
- Oznaczenie wydania (NP)
- Wydanie pierwsze.
|
|
260 -Strefa adresu wydawniczego [ , ]
|
-
- a
- Miejsce wydania (P)
- Warszawa :
-
- b
- Nazwa wydawcy (P)
- Wydawnictwo Naukowe Scholar,
-
|
|
300 -Strefa opisu fizycznego [ , ]
|
-
- a
- Określenie formy książki i/lub objętość (NP)
- 223 strony :
-
- b
- Oznaczenie ilustracji (NP)
- ilustracje ;
-
|
|
336 -Typ zawartości [ , ]
|
-
- a
- Termin opisujący typ zawartości
- Tekst
-
- b
- Kod określający zawartość
- txt
-
- 2
- Źródło (terminu i kodu)
- rdacontent
|
|
337 -Typ mediów [ , ]
|
-
- a
- Tryb odtwarzania
- Bez urządzenia pośredniczącego
-
-
- 2
- Źródło (terminu i kodu)
- rdamedia
|
|
338 -Typ/rodzaj nośnika [ , ]
|
-
- a
- Hasło opisujące typ nośnika
- Wolumin
-
-
- 2
- Źródło (terminu i kodu)
- rdacarrier
|
|
380 -Deskryptor - Forma dzieła (P) [ , ]
|
-
- a
- forma dzieła (NP)
- Książki
|
|
380 -Deskryptor - Forma dzieła (P) [ , ]
|
-
- a
- forma dzieła (NP)
- Publikacje naukowe
|
|
385 -Deskryptor - grupa odbiorców (P) [ , ]
|
-
- a
- termin określający odbiorcę (P)
- Prawnicy i prawniczki
|
|
385 -Deskryptor - grupa odbiorców (P) [ , ]
|
-
- a
- termin określający odbiorcę (P)
- Urzędniczki i urzędnicy
|
|
388 -Deskryptor - czas powstania dzieła (P) [1, ]
|
-
- a
- Czas powstania dzieła (NP)
- 2001-
|
|
648 -Hasło przedmiotowe - chronologia [ ,7]
|
-
- a
- Deskryptor chronologiczny
- 2001-
-
-
|
|
650 -Hasło przedmiotowe [ ,7]
|
-
- a
- Hasło przedmiotowe
- Zagospodarowanie przestrzenne
-
- x
- Określnik rzeczowy
- prawo
-
- z
- Określnik geograficzny
- Polska
-
- y
- Określnik chronologiczny
- 1990-.
-
-
|
|
650 -Hasło przedmiotowe [ ,7]
|
-
- a
- Hasło przedmiotowe
- Planowanie przestrzenne
-
-
|
|
650 -Hasło przedmiotowe [ ,7]
|
-
- a
- Hasło przedmiotowe
- Prawo zagospodarowania przestrzennego
-
-
|
|
651 -Hasło przedmiotowe w formie nazwy geograficznej [ ,7]
|
-
- a
- Nazwa geograficzna
- Polska
-
-
|
|
655 -Hasło w funkcji tematu formalnego [ ,7]
|
-
-
-
|
|
655 -Hasło w funkcji tematu formalnego [ ,7]
|
-
-
-
|
|
658 -Ujęcie treści [ , ]
|
-
- a
- dziedzina nauki i sztuki/ sfera aktywności życiowej
- Architektura i budownictwo
|
|
658 -Ujęcie treści [ , ]
|
-
- a
- dziedzina nauki i sztuki/ sfera aktywności życiowej
- Prawo i wymiar sprawiedliwości
|
|
700 -Hasło dodatkowe - nazwa osobowa [1, ]
|
-
- a
- Nazwa osobowa (NP)
- Nowak, Maciej Jacek
-
- d
- Daty biograficzne (NP)
- (1982- ).
-
- e
- Określenie rodzaju współpracy
- Autor
-
- e
- Określenie rodzaju współpracy
- Redakcja
-
|
|
700 -Hasło dodatkowe - nazwa osobowa [1, ]
|
-
- a
- Nazwa osobowa (NP)
- Giedych, Renata.
-
- e
- Określenie rodzaju współpracy
- Autor
-
|
|
700 -Hasło dodatkowe - nazwa osobowa [1, ]
|
-
- a
- Nazwa osobowa (NP)
- Hausner, Jerzy
-
- d
- Daty biograficzne (NP)
- (1949- ).
-
- e
- Określenie rodzaju współpracy
- Autor
-
|
|
700 -Hasło dodatkowe - nazwa osobowa [1, ]
|
-
- a
- Nazwa osobowa (NP)
- Izdebski, Hubert
-
- d
- Daty biograficzne (NP)
- (1947- ).
-
- e
- Określenie rodzaju współpracy
- Autor
-
|
|
700 -Hasło dodatkowe - nazwa osobowa [1, ]
|
-
- a
- Nazwa osobowa (NP)
- Lorens, Piotr.
-
- e
- Określenie rodzaju współpracy
- Autor
-
|
|
700 -Hasło dodatkowe - nazwa osobowa [1, ]
|
-
- a
- Nazwa osobowa (NP)
- Markowski, Tadeusz
-
- d
- Daty biograficzne (NP)
- (1949- ).
-
- e
- Określenie rodzaju współpracy
- Autor
-
|
|
700 -Hasło dodatkowe - nazwa osobowa [1, ]
|
-
- a
- Nazwa osobowa (NP)
- Mickiewicz, Paweł.
-
- e
- Określenie rodzaju współpracy
- Autor
-
|
|
700 -Hasło dodatkowe - nazwa osobowa [1, ]
|
-
- a
- Nazwa osobowa (NP)
- Mikuła, Łukasz
-
- d
- Daty biograficzne (NP)
- (1982- ).
-
- e
- Określenie rodzaju współpracy
- Autor
-
|
|
700 -Hasło dodatkowe - nazwa osobowa [1, ]
|
-
- a
- Nazwa osobowa (NP)
- Szlachta, Jacek
-
- d
- Daty biograficzne (NP)
- (1950- ).
-
- e
- Określenie rodzaju współpracy
- Autor
-
|
|
700 -Hasło dodatkowe - nazwa osobowa [1, ]
|
-
- a
- Nazwa osobowa (NP)
- Tomczak, Aneta.
-
- e
- Określenie rodzaju współpracy
- Autor
-
|
|
700 -Hasło dodatkowe - nazwa osobowa [1, ]
|
-
- a
- Nazwa osobowa (NP)
- Zachariasz, Igor.
-
- e
- Określenie rodzaju współpracy
- Autor
-
|
|
700 -Hasło dodatkowe - nazwa osobowa [1, ]
|
-
- a
- Nazwa osobowa (NP)
- Załęczna, Magdalena.
-
- e
- Określenie rodzaju współpracy
- Autor
-
|
|
710 -Hasło dodatkowe - nazwa ciała zbiorowego [2, ]
|
-
- a
- Nazwa ciała zbiorowego lub nazwa geograficzna jako pierwszy element (NP)
- Wydawnictwo Naukowe Scholar.
-
- e
- Rodzaj współpracy
- Wydawca
-
-
|